[Event "ECC"]
[Site "Halkidiki GRE"]
[Date "2002.09.23"]
[Round "2"]
[White "Del Rio Angelis,S"]
[Black "Kajan,M"]
[Result "1-0"]
[WhiteElo "2498"]
[BlackElo "2099"]
[EventDate "2002.09.22"]

1. e4 e6 2. d4 d5 3. Nc3 Nf6 4. e5 Nfd7 5. f4 c5 6. Nf3 Nc6 7. Be3 cxd4 8.
Nxd4 Bc5 9. Qd2 a6 10. O-O-O O-O 11. h4 Nxd4 12. Bxd4 Bxd4 13. Qxd4 f6 14.
exf6 Qxf6 15. g3 Qxd4 16. Rxd4 h5 17. Bh3 Nf6 18. Na4 Ne4 19. Nb6 Nf2 20.
Rf1 e5 21. Bxc8 Raxc8 22. Rxd5 Rc6 23. Rxf2 Rxb6 24. Rxe5 g6 25. Rd2 Rf7
26. c3 Kg7 27. Kc2 Kf6 28. a4 Re6 29. Rxe6+ Kxe6 30. c4 Kf5 31. Rd5+ Ke4
32. Rg5 Rf6 33. Kc3 b6 34. b4 Rd6 35. c5 Rd3+ 36. Kc2 bxc5 37. bxc5 Rd4 38.
Kb3 Rd5 39. Rxd5 Kxd5 40. Kb4 Kc6 41. Kc4 a5 42. Kd4 Kc7 43. Kd5 Kd7 44.
c6+ Kc7 45. Kc5 1-0

[Event "ECC"]
[Site "Halkidiki GRE"]
[Date "2002.09.23"]
[Round "2"]
[White "Winants,L"]
[Black "Bischoff,K"]
[Result "1/2-1/2"]
[WhiteElo "2504"]
[BlackElo "2554"]
[EventDate "2002.09.22"]

1. d4 e6 2. Nf3 Nf6 3. Bg5 h6 4. Bh4 b6 5. e3 Bb7 6. Bd3 c5 7. O-O cxd4 8.
exd4 Be7 9. c4 Bxf3 10. Qxf3 Nc6 11. Qh3 Nxd4 12. Nc3 O-O 13. Rad1 Rc8 14.
Bb1 Nc6 15. Bg3 Ne8 16. Rd2 f5 17. Rfd1 Nf6 18. Nb5 Rf7 19. Nd6 Bxd6 20.
Bxd6 Na5 21. b3 Nb7 22. Be5 Nc5 23. Bb2 a5 24. Qe3 Nfe4 25. Re2 Qg5 26. Qd4
Qf6 27. Qe3 Qg5 28. Qd4 Qf6 29. Qe3 1/2-1/2

[Event "ECC"]
[Site "Halkidiki GRE"]
[Date "2002.09.23"]
[Round "2"]
[White "Horvath,Jo"]
[Black "Kocsis,Le"]
[Result "1-0"]
[WhiteElo "2535"]
[BlackElo "2392"]
[EventDate "2002.09.22"]

1. d4 Nf6 2. c4 g6 3. Nc3 d5 4. Nf3 Bg7 5. Qb3 dxc4 6. Qxc4 O-O 7. e4 a6 8.
Qb3 c5 9. dxc5 Nbd7 10. c6 bxc6 11. Qc2 Qc7 12. Be2 Rd8 13. O-O Bb7 14. h3
c5 15. Be3 Nh5 16. Rfd1 Nb6 17. Qb3 Nf6 18. Nd2 Nfd7 19. Rac1 e6 20. Nc4
Nxc4 21. Qxc4 Bf8 22. Bg5 Rdc8 23. Qd3 Bc6 24. Qd2 Qb7 25. b3 Bg7 26. Bd3
Bd4 27. Ne2 e5 28. Qc2 Bb5 29. Qb1 Kg7 30. Kf1 Nb6 31. a4 Bxd3 32. Qxd3 Nd7
33. Bd2 a5 34. f3 Nf8 35. Nxd4 exd4 36. Rxc5 Rxc5 37. Qxd4+ Kg8 38. Qxc5
Qxb3 39. Ke1 Qxa4 40. Bc3 Re8 41. Ra1 Nd7 42. Qc7 Qc2 43. Rd1 Nf8 44. Qc6
Re6 45. Qc5 Rb6 46. Qd4 f6 47. Qxb6 Qxc3+ 48. Kf1 a4 49. Qd4 Qb3 50. Qd5+
1-0

[Event "ECC"]
[Site "Halkidiki GRE"]
[Date "2002.09.23"]
[Round "2"]
[White "Gulbas,C"]
[Black "Hoelzl,F"]
[Result "0-1"]
[WhiteElo "2301"]
[BlackElo "2393"]
[EventDate "2002.09.22"]

1. e4 c5 2. Nf3 d6 3. d4 cxd4 4. Nxd4 Nf6 5. Nc3 a6 6. Be3 Nbd7 7. g4 d5 8.
Nb3 Nxe4 9. Nxd5 e6 10. Nb6 Rb8 11. Qd4 Qxb6 12. Qxe4 Qb4+ 13. Qxb4 Bxb4+
14. c3 Be7 15. g5 b6 16. O-O-O Bb7 17. Rg1 Rc8 18. Be2 Nc5 19. Nxc5 Bxc5
20. Bxc5 Rxc5 21. Rd6 b5 22. Rb6 Bc8 23. a4 bxa4 24. Bxa6 O-O 25. Bd3 a3
26. c4 a2 27. Kc2 Rxg5 28. Ra1 e5 29. Rxa2 Bf5 30. Bxf5 Rxf5 31. b4 Rxf2+
32. Kb3 Rxa2 33. Kxa2 e4 34. Kb2 e3 35. Kc2 f5 36. Kd1 f4 0-1

[Event "ECC"]
[Site "Halkidiki GRE"]
[Date "2002.09.23"]
[Round "2"]
[White "Palo,D"]
[Black "Cobb,C"]
[Result "1-0"]
[WhiteElo "2394"]
[BlackElo "2313"]
[EventDate "2002.09.22"]

1. d4 e6 2. c4 Nf6 3. Nf3 d5 4. e3 Be7 5. Bd3 dxc4 6. Bxc4 a6 7. O-O c5 8.
Bb3 cxd4 9. exd4 Nc6 10. Nc3 O-O 11. Bg5 b5 12. Qd2 Bb7 13. d5 exd5 14.
Nxd5 Nxd5 15. Bxd5 Bxg5 16. Qxg5 Na5 17. Bxb7 Qxg5 18. Nxg5 Nxb7 19. Rac1
Rac8 20. Rfd1 h6 21. Nf3 Rfe8 22. Kf1 Kf8 23. Nd4 Red8 24. Nf5 Rxd1+ 25.
Rxd1 Rc7 26. g4 Kg8 27. Kg2 Kh7 28. Kf3 g6 29. Ne3 Kg7 30. b4 Kf8 31. h4
Ke8 32. h5 Rc6 33. hxg6 fxg6 34. Rh1 Rf6+ 35. Kg2 Nd6 36. Nd5 Rf8 37. Rxh6
Ne4 38. f3 Nf6 39. Nxf6+ Rxf6 40. Kg3 Kf8 41. Rh8+ Kg7 42. Ra8 g5 43. a3
Rc6 44. Ra7+ Kf6 45. Rh7 Kg6 46. Rd7 Kf6 47. Rd5 Kg6 48. Kf2 Re6 49. Rc5
Kf6 50. Rc3 Kg6 51. Re3 Rd6 52. Ke2 Kf6 53. Rc3 Re6+ 54. Kd2 Re7 55. Rc6+
Ke5 56. Rxa6 Kd4 57. Rd6+ Kc4 58. Rc6+ Kd4 59. Rc5 Ra7 60. Rxg5 Rxa3 61.
Ke2 Ra2+ 62. Kf1 Kc4 63. Rg8 Kxb4 64. g5 Ra7 65. Kf2 Ka3 66. Rb8 b4 67. f4
b3 68. g6 b2 69. Kf3 Ka2 70. Kg4 b1=Q 71. Rxb1 1-0

[Event "ECC"]
[Site "Halkidiki GRE"]
[Date "2002.09.23"]
[Round "2"]
[White "Trevelyan,J"]
[Black "Boe,M"]
[Result "0-1"]
[WhiteElo "2207"]
[BlackElo "2390"]
[EventDate "2002.09.22"]

1. e4 e5 2. Nf3 d6 3. Bc4 Be7 4. d4 exd4 5. Nxd4 Nf6 6. Nc3 O-O 7. O-O Nc6
8. Nxc6 bxc6 9. Bf4 Nd7 10. Qd2 Bf6 11. Rad1 Re8 12. Rfe1 Qe7 13. b3 a5 14.
a4 Bb7 15. Bg3 Ne5 16. Bf1 Ng6 17. Na2 h5 18. h3 Bg5 19. f4 Bh4 20. Qf2
Bxg3 21. Qxg3 h4 22. Qf2 Qf6 23. f5 Nf8 24. Bc4 Nd7 25. Nc1 Nb6 26. Bf1 c5
27. e5 Rxe5 28. Rxe5 Qxe5 29. Qxh4 Be4 30. Re1 Qd4+ 31. Qf2 Qxf2+ 32. Kxf2
Bxf5 33. c4 Kf8 34. Bd3 Bd7 35. h4 Nc8 36. Be4 Rb8 37. Kf3 Ne7 38. g4 Re8
39. Re3 f6 40. Kf4 Ng8 41. g5 fxg5+ 42. hxg5 Ne7 43. Re2 g6 44. Rh2 Kg7 45.
Ne2 Rb8 46. Nc1 Rf8+ 47. Ke3 Bf5 48. Bf3 Bb1 49. Be4 Bxe4 50. Kxe4 c6 51.
Ne2 Nf5 52. Rh3 Re8+ 53. Kd3 Re5 54. Rf3 Rxe2 0-1

[Event "ECC"]
[Site "Halkidiki GRE"]
[Date "2002.09.23"]
[Round "2"]
[White "Vinter Schou,U"]
[Black "Spice,A"]
[Result "1-0"]
[WhiteElo "2342"]
[BlackElo "2171"]
[EventDate "2002.09.22"]

1. e4 e6 2. d4 d5 3. Nc3 Nf6 4. e5 Nfd7 5. f4 c5 6. Nf3 Nc6 7. Be3 cxd4 8.
Nxd4 Bc5 9. Qd2 a6 10. g3 O-O 11. Bg2 Ncxe5 12. fxe5 Nxe5 13. b3 Bb4 14. a3
Ba5 15. Nde2 Bd7 16. Bd4 Nc6 17. Bc5 Re8 18. O-O Rc8 19. Kh1 Ne5 20. Bd4
Nc6 21. Bg1 Ne5 22. Rad1 Qc7 23. b4 Nc4 24. Qg5 Bb6 25. Bd4 Bxd4 26. Rxd4
h6 27. Qh5 Bc6 28. Rf6 gxf6 29. Qxh6 f5 30. Rh4 Qe5 31. Rh5 Qg7 32. Rg5
Qxg5 33. Qxg5+ Kf8 34. Nd4 Nxa3 35. Qf6 Bd7 36. Bf3 Nc4 37. Bh5 Nd6 38.
Nxf5 exf5 39. Qxd6+ 1-0

[Event "ECC"]
[Site "Halkidiki GRE"]
[Date "2002.09.23"]
[Round "2"]
[White "Borg,A"]
[Black "Pedersen,F"]
[Result "0-1"]
[WhiteElo "2124"]
[BlackElo "2266"]
[EventDate "2002.09.22"]

1. d4 d5 2. c4 c6 3. Nf3 Nf6 4. Nc3 dxc4 5. a4 Bf5 6. e3 e6 7. Bxc4 Nbd7 8.
O-O a5 9. Nh4 Bg4 10. f3 Bh5 11. g4 Bg6 12. Ng2 h5 13. g5 Nd5 14. h4 Bb4
15. Bd2 Qb6 16. Be1 Bd6 17. Qd2 Qb4 18. Be2 Qb6 19. e4 Ne7 20. Bf2 Qc7 21.
Rac1 Bb4 22. Bc4 Rd8 23. Qe2 e5 24. d5 O-O 25. Rfd1 Nc8 26. dxc6 bxc6 27.
Ba6 Nc5 28. Bxc8 Rxc8 29. Qc4 Ne6 30. Na2 Bd6 31. b4 Rfd8 32. b5 Ba3 33.
Rxd8+ Qxd8 34. Rc3 Bb2 35. Rd3 Bd4 36. bxc6 Qb6 37. Bxd4 Nxd4 38. Kh2 Rxc6
39. Qd5 Rc5 0-1

[Event "ECC"]
[Site "Halkidiki GRE"]
[Date "2002.09.23"]
[Round "2"]
[White "Davies,Pe"]
[Black "Rewitz,P"]
[Result "0-1"]
[WhiteElo "2058"]
[BlackElo "2286"]
[EventDate "2002.09.22"]

1. e4 g6 2. Nc3 Bg7 3. f4 c6 4. d3 d5 5. Qe2 h5 6. g3 Bg4 7. Qg2 dxe4 8.
Nxe4 Nf6 9. Ng5 Nd5 10. N1f3 Qa5+ 11. Qd2 Qb6 12. c4 Nb4 13. a3 N4a6 14.
Qf2 Nd7 15. Rb1 Qb3 16. h3 Bxf3 17. Nxf3 Ndc5 18. Nd2 Nxd3+ 19. Bxd3 Qxd3
20. Qf3 O-O-O 21. Qxd3 Rxd3 22. Kf2 Nc5 23. b4 Ne6 24. Nf3 Rhd8 25. Re1 Rc3
26. c5 Rdd3 27. Be3 Rxa3 28. Ne5 Bxe5 29. fxe5 Nc7 30. g4 hxg4 31. hxg4 Nd5
0-1

[Event "ECC"]
[Site "Halkidiki GRE"]
[Date "2002.09.23"]
[Round "2"]
[White "Vanderstricht,G"]
[Black "Storland,K"]
[Result "1-0"]
[WhiteElo "2404"]
[BlackElo "2273"]
[EventDate "2002.09.22"]

1. d4 g6 2. e4 Bg7 3. c4 Nc6 4. d5 Nd4 5. Ne2 c5 6. Nxd4 cxd4 7. Bd3 d6 8.
O-O Nf6 9. Nd2 O-O 10. Nb3 Qb6 11. Bg5 Re8 12. h3 Nd7 13. f4 Nc5 14. Nxc5
Qxc5 15. Qa4 Kf8 16. f5 Rd8 17. Qc2 Be5 18. Qf2 f6 19. Qh4 gxf5 20. Bh6+
Ke8 21. Qh5+ Kd7 22. Qxf5+ Kc7 23. Qxh7 Bd7 24. Qxe7 Rg8 25. Bg7 Rae8 26.
Qf7 Kc8 27. h4 Rxg7 28. Qxg7 f5 29. Qg6 fxe4 30. Bxe4 d3+ 31. Kh1 Rh8 32.
g3 d2 33. Rad1 Qe3 34. Bf5 Bxg3 35. Bxd7+ Kc7 36. h5 Rh6 37. Qg4 Qe5 38.
Bf5 1-0

[Event "ECC"]
[Site "Halkidiki GRE"]
[Date "2002.09.23"]
[Round "2"]
[White "Harestad,T"]
[Black "Filipek,J"]
[Result "1/2-1/2"]
[WhiteElo "2222"]
[BlackElo "2373"]
[EventDate "2002.09.22"]

1. d4 Nf6 2. c4 c5 3. d5 e6 4. Nc3 exd5 5. cxd5 d6 6. e4 g6 7. f3 Bg7 8.
Bg5 O-O 9. Qd2 a6 10. a4 Qa5 11. Ra3 Re8 12. Nge2 Nbd7 13. Nc1 Ne5 14. Be2
c4 15. O-O Qc7 16. Be3 b6 17. N1a2 Bd7 18. Nb4 Reb8 19. h3 a5 20. Nc2 b5
21. axb5 Bxb5 22. Nd4 Be8 23. Ra2 Nfd7 24. Ndb5 Qb7 25. Nxd6 Qb4 26. Nxe8
Rxe8 27. f4 Nd3 28. e5 N7c5 29. Kh1 a4 30. Bxd3 Nxd3 31. Rfa1 f6 32. Rxa4
Rxa4 33. Rxa4 Qxb2 34. Rxc4 Qxd2 35. Bxd2 fxe5 36. d6 Rd8 37. Nb5 exf4 38.
Bxf4 1/2-1/2

[Event "ECC"]
[Site "Halkidiki GRE"]
[Date "2002.09.23"]
[Round "2"]
[White "Roofdhooft,M"]
[Black "Harestad,H"]
[Result "1-0"]
[WhiteElo "2260"]
[BlackElo "2186"]
[EventDate "2002.09.22"]

1. e4 e5 2. Nf3 Nc6 3. c3 Nf6 4. d4 exd4 5. e5 Qe7 6. cxd4 Ne4 7. Nbd2 Nxd2
8. Bxd2 d6 9. Bb5 Bd7 10. O-O dxe5 11. dxe5 O-O-O 12. Re1 h6 13. Qa4 Kb8
14. Rac1 g5 15. h3 Rg8 16. e6 fxe6 17. Bxc6 Bxc6 18. Rxc6 bxc6 19. Ne5 Qd6
20. Nxc6+ Kb7 21. Qb5+ Kc8 22. Nxa7+ 1-0

[Event "ECC"]
[Site "Halkidiki GRE"]
[Date "2002.09.23"]
[Round "2"]
[White "Seitaj,I"]
[Black "Karttunen,M"]
[Result "1-0"]
[WhiteElo "2406"]
[BlackElo "2434"]
[EventDate "2002.09.22"]

1. e4 c5 2. c3 g6 3. d4 cxd4 4. cxd4 Bg7 5. Nc3 d6 6. h3 Nf6 7. Nf3 O-O 8.
Be2 Nc6 9. O-O e5 10. Be3 Re8 11. dxe5 dxe5 12. Qxd8 Rxd8 13. Rfd1 Be6 14.
Ng5 Nd4 15. Nxe6 fxe6 16. Bc4 Kf7 17. Rac1 a6 18. a3 Rac8 19. Ba2 Rd7 20.
f3 Rcd8 21. Kf2 b5 22. Ne2 Ne8 23. Bxd4 exd4 24. Nf4 Rd6 25. Nd3 Rb6 26.
Rc2 Ke7 27. Rdc1 Bh6 28. Rc6 Be3+ 29. Ke2 Rd6 30. Rxd6 Kxd6 31. e5+ Kd7 32.
Rc2 Nc7 33. f4 Rc6 34. Rxc6 Kxc6 35. Kf3 g5 36. g3 gxf4 37. gxf4 a5 38. Ke4
Kd7 39. Kf3 Kc6 40. h4 Nd5 41. Ke4 Nc7 42. f5 exf5+ 43. Kxf5 Kd7 44. Kf6
Ke8 45. e6 a4 46. e7 Kd7 47. Kf7 Bg1 48. Nc5+ Kd6 49. Na6 d3 50. Nxc7 d2
51. Nxb5+ Kc5 52. Nc3 1-0

[Event "ECC"]
[Site "Halkidiki GRE"]
[Date "2002.09.23"]
[Round "2"]
[White "Nivala,T"]
[Black "Karkanaqe,I"]
[Result "1/2-1/2"]
[WhiteElo "2218"]
[BlackElo "2375"]
[EventDate "2002.09.22"]

1. e4 e5 2. Nc3 Nf6 3. Bc4 Bb4 4. f4 exf4 5. e5 Bxc3 6. dxc3 d5 7. exf6
dxc4 8. Qxd8+ Kxd8 9. fxg7 Rg8 10. Bxf4 Rxg7 11. O-O-O+ Bd7 12. Rd2 Kc8 13.
Nf3 b6 14. Re1 f6 15. g3 Kb7 16. Rde2 Nc6 17. Nd4 Bg4 18. Re3 Nxd4 19. cxd4
Rd8 1/2-1/2

[Event "ECC"]
[Site "Halkidiki GRE"]
[Date "2002.09.23"]
[Round "2"]
[White "Yeke,S"]
[Black "Carlsson,P"]
[Result "1/2-1/2"]
[WhiteElo "2258"]
[BlackElo "2400"]
[EventDate "2002.09.22"]

1. Nf3 c5 2. e4 d6 3. d4 Nf6 4. Nc3 cxd4 5. Nxd4 g6 6. g3 Bg4 7. f3 Bd7 8.
Bg2 Bg7 9. Be3 O-O 10. Qd2 Nc6 11. Nxc6 bxc6 12. O-O Qc7 13. g4 Rfb8 14.
Rab1 Rb7 15. Na4 c5 16. Nc3 Bc6 17. Ne2 Bb5 18. b3 Bxe2 19. Qxe2 e5 20.
Rfd1 Rd8 21. Qf2 Nd7 22. Bf1 Nf8 23. Bc4 Ne6 24. Rd2 Qe7 25. Rbd1 Rbd7 26.
Kh1 Bf6 27. Bb5 Rc7 28. Qf1 Kg7 29. c3 h6 30. Bc4 Nf4 31. a4 Bg5 32. a5 Qf6
33. a6 Rc6 34. Bb5 Rc7 35. Bc4 Rc6 36. Bb5 Rcc8 37. Bc4 h5 38. gxh5 Nxh5
39. Bxg5 Qxg5 40. Qg2 Qf6 41. Qg4 Nf4 42. Rg1 Qe7 43. Qg5 Qc7 44. Rgd1 Nh3
45. Qg3 Nf4 46. Qg5 Nh3 47. Qg4 Nf4 48. Qg1 1/2-1/2

[Event "ECC"]
[Site "Halkidiki GRE"]
[Date "2002.09.23"]
[Round "2"]
[White "Couso,L"]
[Black "Erdogan,H"]
[Result "1-0"]
[WhiteElo "2345"]
[BlackElo "2218"]
[EventDate "2002.09.22"]

1. e4 c5 2. Nf3 d6 3. d4 cxd4 4. Nxd4 Nf6 5. Nc3 g6 6. Be3 Bg7 7. Be2 Nc6
8. Nb3 O-O 9. f4 Be6 10. Bf3 Bc4 11. Nd5 e5 12. Nd2 Bxd5 13. exd5 exf4 14.
Bxf4 Re8+ 15. Kf1 Nd4 16. c3 Nxf3 17. Qxf3 Qb6 18. b3 Nh5 19. Nc4 Qa6 20.
Bd2 Re5 21. g4 Nf6 22. Kg2 Rxd5 23. Rhf1 Qc6 24. Kg3 h5 25. h3 Re8 26. Rae1
b5 27. Na5 Qd7 28. Bf4 Rc8 29. c4 hxg4 30. hxg4 Rd4 31. Rd1 Ne4+ 32. Kg2
Ng5 33. Qg3 Ne6 34. Rxd4 Bxd4 35. Bd2 Be5 36. Qf3 Re8 37. Qc6 Qxc6+ 38.
Nxc6 bxc4 39. bxc4 Nd4 40. Nxd4 Bxd4 41. Rd1 Bc5 42. Kf3 Re6 43. Rb1 Bb6
44. a4 Rf6+ 45. Ke4 Rf2 46. Bc3 Kf8 47. a5 Bc5 48. Rb8+ Ke7 49. Kd5 Rf3 50.
Rb7+ Ke8 51. Bb2 Rf1 52. g5 Be3 53. Bf6 Rf5+ 54. Kc6 Rc5+ 55. Kxd6 1-0

[Event "ECC"]
[Site "Halkidiki GRE"]
[Date "2002.09.23"]
[Round "2"]
[White "Kilicaslan,H"]
[Black "Bergstrom,P"]
[Result "0-1"]
[WhiteElo "2260"]
[BlackElo "2306"]
[EventDate "2002.09.22"]

1. d4 d5 2. Nf3 Nf6 3. c4 c6 4. e3 Bf5 5. Nc3 e6 6. Nh4 Bg6 7. Qb3 Qb6 8.
Bd2 Nbd7 9. Nxg6 hxg6 10. cxd5 Qxb3 11. axb3 exd5 12. Bd3 Bd6 13. h3 O-O
14. O-O Rfe8 15. Rfc1 a6 16. Na4 Ne4 17. Be1 f5 18. b4 Rab8 19. Nc5 Ndf6
20. Ra3 Re7 21. g3 Rbe8 22. Kg2 Bb8 23. Raa1 g5 24. Nxe4 Nxe4 25. Bxe4 Rxe4
26. Bd2 Kf7 27. Rh1 Rh8 28. Rae1 Bd6 29. f3 Re6 30. g4 g6 31. Rhf1 Rhe8 32.
Kf2 Be7 33. Kg2 Bf6 34. f4 gxf4 35. gxf5 Re4 36. fxg6+ Kxg6 37. exf4 Kf5
38. Kf3 Rh8 39. Kg2 Bxd4 40. Rxe4 dxe4 41. Bc3 Rg8+ 42. Kh2 Bxc3 43. bxc3
e3 44. Rg1 Rxg1 45. Kxg1 b6 0-1

[Event "ECC"]
[Site "Halkidiki GRE"]
[Date "2002.09.23"]
[Round "2"]
[White "Olafsson,H"]
[Black "Marjanovic,S"]
[Result "0-1"]
[WhiteElo "2476"]
[BlackElo "2485"]
[EventDate "2002.09.22"]

1. Nf3 d5 2. d4 e6 3. c4 dxc4 4. Qa4+ Nd7 5. Qxc4 Ngf6 6. g3 a6 7. Bf4 c5
8. Bg2 b5 9. Qc2 Bb7 10. dxc5 Bxc5 11. Nc3 Rc8 12. Qd3 Qb6 13. O-O O-O 14.
Rad1 Rfd8 15. Qb1 h6 16. Bc1 Ng4 17. e3 f5 18. Nd4 Nde5 19. Nce2 Rd6 20. h3
Nf6 21. b3 Bxd4 22. Nxd4 Bxg2 23. Kxg2 Qb7+ 24. f3 Nd5 25. Bd2 Nc3 26. Bxc3
Rxc3 27. Nxe6 Nxf3 28. Kf2 Rxe6 29. Rd8+ Kf7 0-1

[Event "ECC"]
[Site "Halkidiki GRE"]
[Date "2002.09.23"]
[Round "2"]
[White "Mastrovasilis,A"]
[Black "Karlsson,A"]
[Result "1-0"]
[WhiteElo "2461"]
[BlackElo "2347"]
[EventDate "2002.09.22"]

1. c4 g6 2. g3 Bg7 3. Bg2 Nf6 4. Nc3 O-O 5. d3 c6 6. e4 d5 7. cxd5 cxd5 8.
e5 Ne8 9. d4 Nc7 10. Nge2 Bg4 11. Qb3 Bxe2 12. Nxe2 b6 13. Bd2 Qd7 14. Rc1
Nba6 15. O-O Rac8 16. Rc2 e6 17. Rfc1 Na8 18. Bf1 Rxc2 19. Qxc2 b5 20. Qc6
Qxc6 21. Rxc6 Nb6 22. b3 Nb8 23. Rc7 a6 24. Ba5 N6d7 25. Nf4 Re8 26. Nd3 f6
27. f4 g5 28. Bh3 gxf4 29. gxf4 Bh6 30. Kf2 Nf8 31. exf6 Nbd7 32. f7+ Kxf7
33. Ne5+ Ke7 34. f5 exf5 35. Bxf5 1-0

[Event "ECC"]
[Site "Halkidiki GRE"]
[Date "2002.09.23"]
[Round "2"]
[White "Karayannis,A"]
[Black "Bergsson,Sn"]
[Result "0-1"]
[WhiteElo "2391"]
[BlackElo "2288"]
[EventDate "2002.09.22"]

1. d4 d5 2. c4 c6 3. Nf3 Nf6 4. e3 a6 5. Nbd2 Bf5 6. Be2 Nbd7 7. Nh4 Bg6 8.
f4 e6 9. O-O Be4 10. Nhf3 Be7 11. Ne5 c5 12. Nxe4 Nxe4 13. cxd5 Nxe5 14.
dxe5 exd5 15. f5 c4 16. Bf3 Bc5 17. Bxe4 dxe4 18. Qg4 Qd3 19. f6 g6 20. e6
O-O-O 21. e7+ Rd7 22. b4 Bxb4 23. Bb2 Bd2 24. Bd4 h5 25. Qh3 c3 26. a4 c2
27. Ba7 b6 28. Bxb6 Kb7 29. Bd4 Rc7 30. Bb2 Bxe3+ 31. Kh1 c1=Q 32. Rfxc1
Rxc1+ 33. Rxc1 Bxc1 34. Qxd3 exd3 35. Bxc1 Kc7 36. Kg1 Kd7 37. Kf2 Rc8 38.
Bd2 Rc6 39. Ke3 Rxf6 40. Kxd3 Rd6+ 41. Kc2 Rc6+ 0-1

[Event "ECC"]
[Site "Halkidiki GRE"]
[Date "2002.09.24"]
[Round "3"]
[White "Sutovsky,E"]
[Black "Sakaev,K"]
[Result "1/2-1/2"]
[WhiteElo "2658"]
[BlackElo "2647"]
[EventDate "2002.09.22"]

1. e4 e6 2. d4 d5 3. Nc3 Nf6 4. Bg5 dxe4 5. Nxe4 Nbd7 6. Nf3 h6 7. Bxf6
Nxf6 8. Nxf6+ Qxf6 9. Bb5+ c6 10. Bd3 g6 11. O-O Bg7 12. c3 O-O 13. Qb3 Qd8
14. Be4 Qc7 15. Rad1 Rd8 16. Rfe1 Bd7 17. Ne5 Be8 18. f4 Rd6 19. Nc4 Rd7
20. Ne5 Rd6 21. Nc4 Rd7 22. Ne5 1/2-1/2

[Event "ECC"]
[Site "Halkidiki GRE"]
[Date "2002.09.24"]
[Round "3"]
[White "Popov,Val"]
[Black "Soffer,R"]
[Result "1/2-1/2"]
[WhiteElo "2579"]
[BlackElo "2492"]
[EventDate "2002.09.22"]

1. Nf3 c5 2. c4 Nc6 3. Nc3 Nd4 4. Ng1 Nc6 5. Nf3 Nd4 6. Ng1 Nc6 7. e3 Nf6
8. Nf3 e6 9. d4 d5 10. cxd5 exd5 11. Bb5 Bd6 12. O-O cxd4 13. exd4 O-O 14.
Bg5 Bg4 15. Be2 Be7 16. h3 Bf5 17. Rc1 h6 18. Bh4 Rc8 19. a3 Ne4 20. Bxe7
Nxe7 21. Qb3 Nxc3 22. Rxc3 Rxc3 23. Qxc3 Ng6 24. Bd3 Nf4 25. Bb5 a6 26. Qe3
Nxh3+ 27. gxh3 axb5 28. Kh2 Qd6+ 29. Qe5 Qd7 30. Qg3 f6 31. Rc1 Rc8 32.
Rxc8+ Qxc8 33. Qd6 Be4 34. Nd2 Qc2 35. Nxe4 Qxe4 36. Qc5 Kh7 37. Kg1 Qe1+
38. Kg2 Qe4+ 39. Kg1 Qg6+ 40. Kh2 Qf5 41. Kg2 Qg6+ 42. Kh2 Qf5 43. Kg2 Qd7
44. Qc2+ g6 45. Qe2 g5 46. Qd3+ Kg7 47. Qe2 Kg6 48. Qd3+ f5 49. Qe2 f4 50.
Kh2 Kf7 51. Qh5+ Kg7 52. Qe2 Kg6 53. b4 h5 54. Qd3+ Kh6 55. Qe2 g4 56. Qe5
Qf7 57. h4 Kh7 58. Kg2 Kg8 59. Qg5+ Kh7 60. Qe5 1/2-1/2

[Event "ECC"]
[Site "Halkidiki GRE"]
[Date "2002.09.24"]
[Round "3"]
[White "Rabinovich,Al"]
[Black "Ivanov,Se"]
[Result "0-1"]
[WhiteElo "2435"]
[BlackElo "2561"]
[EventDate "2002.09.22"]

1. d4 e6 2. c4 d5 3. Nc3 Nf6 4. Nf3 dxc4 5. e3 a6 6. Bxc4 c5 7. O-O b5 8.
Bb3 Bb7 9. Qe2 Nbd7 10. Rd1 Qb8 11. d5 c4 12. dxe6 fxe6 13. Bc2 Bd6 14. e4
O-O 15. Bg5 Ne5 16. Nd4 b4 17. Na4 Nd3 18. Bxf6 Bxh2+ 19. Kf1 Rxf6 20. Bxd3
cxd3 21. Rxd3 Qe5 22. Nf3 Qh5 23. Nb6 Re8 24. Nxh2 Qxh2 25. Rh3 Qc7 26. Nc4
Rf4 27. Nd2 Ref8 28. f3 Qc2 29. Nc4 Qxe4 30. Qxe4 Bxe4 31. Ne3 Rd8 32. Rc1
Bg6 33. Rg3 Rd2 34. Ng4 Rxb2 35. Rc8+ Rf8 36. Rc7 Rxa2 37. Rb7 Rc8 38. Kg1
Rc1+ 39. Kh2 Raa1 40. Rb8+ Kf7 0-1

[Event "ECC"]
[Site "Halkidiki GRE"]
[Date "2002.09.24"]
[Round "3"]
[White "Alekseev,E"]
[Black "Kaganskiy,G"]
[Result "1-0"]
[WhiteElo "2580"]
[BlackElo "2332"]
[EventDate "2002.09.22"]

1. e4 c6 2. d4 d5 3. Nc3 dxe4 4. Nxe4 Nd7 5. Ng5 Ngf6 6. Bd3 e6 7. N1f3 Bd6
8. Qe2 h6 9. Ne4 Nxe4 10. Qxe4 c5 11. Bd2 Qc7 12. dxc5 Nxc5 13. Bb5+ Kf8
14. Qe3 a6 15. Be2 b5 16. c4 bxc4 17. Rc1 Bd7 18. O-O Ke7 19. Bxc4 Qb7 20.
Rfe1 Rhd8 21. Bc3 Bc6 22. Nd4 Kf8 23. Nxc6 Qxc6 24. Bd4 e5 25. Bxe5 Bxe5
26. Qxe5 Re8 27. Qf5 Rxe1+ 28. Rxe1 Ne6 29. Bxe6 1-0

[Event "ECC"]
[Site "Halkidiki GRE"]
[Date "2002.09.24"]
[Round "3"]
[White "Rustemov,A"]
[Black "Kozul,Z"]
[Result "1/2-1/2"]
[WhiteElo "2589"]
[BlackElo "2588"]
[EventDate "2002.09.22"]

1. d4 Nf6 2. c4 g6 3. Nc3 d5 4. Nf3 Bg7 5. e3 O-O 6. b4 c6 7. a4 Bg4 8. Qb3
Bxf3 9. gxf3 e6 10. Ba3 Nbd7 11. f4 Re8 12. Be2 a5 13. cxd5 exd5 14. O-O
axb4 15. Bxb4 b6 16. Bd6 Bf8 17. Bxf8 Rxf8 18. Rac1 Qe7 19. Rc2 Rfd8 20.
Bf3 Rab8 21. Rfc1 Nf8 22. Ne2 c5 23. dxc5 bxc5 24. Qa3 N8d7 25. a5 Qe6 26.
Rb2 Rxb2 27. Qxb2 Qa6 28. Qd2 Rb8 29. Ra1 Rb4 30. Ng3 Qb5 31. Bxd5 c4 32.
Bf3 Nc5 33. Kg2 Nb3 34. Qd8+ Kg7 35. Ra2 Ra4 36. Rxa4 Qxa4 37. Ne2 Nxa5 38.
Nc3 Qa1 39. Qd4 Nb3 40. Qxc4 Nd2 41. Qd3 Nxf3 42. Kxf3 Qh1+ 43. Ke2 Qxh2
44. Ne4 Qh5+ 45. f3 Qh2+ 46. Kf1 Nxe4 47. fxe4 Qh3+ 48. Kf2 Qh4+ 49. Kf3 h5
50. Qd4+ Kg8 51. e5 Qg4+ 52. Kf2 Qf5 53. Qd8+ Kg7 54. Kg3 Qg4+ 1/2-1/2

[Event "ECC"]
[Site "Halkidiki GRE"]
[Date "2002.09.24"]
[Round "3"]
[White "Nataf,IA"]
[Black "Mitkov,N"]
[Result "1-0"]
[WhiteElo "2560"]
[BlackElo "2493"]
[EventDate "2002.09.22"]

1. e4 e5 2. Nf3 Nc6 3. d4 exd4 4. Nxd4 Bc5 5. Nxc6 Qf6 6. Qd2 dxc6 7. Nc3
Bd4 8. Bd3 Ne7 9. O-O Ng6 10. Kh1 Ne5 11. Be2 Ng4 12. Nd1 Qd6 13. Bxg4 Bxg4
14. Qg5 Be2 15. Re1 Bxd1 16. Rxd1 Qc5 17. Qxc5 Bxc5 18. f3 Ke7 19. Bf4 Bd6
20. Be3 Rhd8 21. Kg1 f6 22. Kf2 a5 23. f4 a4 24. Rd3 Kf7 25. Kf3 Re8 26. c4
c5 27. Rd5 b6 28. Bf2 Red8 29. Rad1 Ke8 30. Bg3 Be7 31. f5 Rxd5 32. Rxd5 c6
33. Rd3 Ra7 34. e5 fxe5 35. Bxe5 Kf7 36. Ke4 b5 37. g4 Rb7 38. Rh3 h6 39.
cxb5 cxb5 40. Kd5 Rd7+ 41. Kc6 Rd2 42. Bc3 Rg2 43. Kxb5 Bf6 44. Kxa4 Bxc3
45. bxc3 Rxa2+ 46. Kb5 Rg2 47. Rh4 Kf6 48. h3 Re2 49. Kxc5 Re8 50. c4 Ke5
51. Kb4 Rb8+ 52. Kc3 Rb1 53. Rh5 Rc1+ 54. Kb3 Rb1+ 55. Kc2 Rg1 56. c5 Kd4
57. c6 Rg3 58. f6 Rc3+ 59. Kd2 gxf6 60. Rxh6 Rxc6 61. g5 Ra6 62. Rxf6 Ra2+
63. Ke1 Rg2 64. Rf4+ Ke5 65. Rg4 Rxg4 66. hxg4 Ke6 67. Kf2 Kf7 68. Ke3 Kg7
69. Ke4 Kg6 70. Kf4 Kf7 71. Kf5 Kg7 72. g6 Kh6 73. g7 Kxg7 74. Kg5 Kh7 75.
Kf6 Kh6 76. g5+ Kh7 77. Kf7 Kh8 78. Kg6 Kg8 79. Kh6 1-0

[Event "ECC"]
[Site "Halkidiki GRE"]
[Date "2002.09.24"]
[Round "3"]
[White "Georgiev,Vl"]
[Black "Hauchard,A"]
[Result "1-0"]
[WhiteElo "2502"]
[BlackElo "2509"]
[EventDate "2002.09.22"]

1. d4 Nf6 2. c4 e6 3. Nc3 Bb4 4. e3 b6 5. Bd3 Bb7 6. Nf3 O-O 7. O-O c5 8.
Na4 Qe7 9. a3 Ba5 10. Rb1 Rc8 11. Qe2 Bc6 12. e4 d5 13. Bg5 dxc4 14. Bc2 h6
15. Bh4 cxd4 16. Nxd4 Bxa4 17. Bxa4 Qc5 18. Bxf6 gxf6 19. Rfd1 a6 20. b4
cxb3 21. Rxb3 Bc3 22. Qg4+ Qg5 23. Qxg5+ hxg5 24. Rc1 Rd8 25. Rbxc3 Rxd4
26. Rc8+ Kg7 27. Be8 Ra7 28. Rxb8 Rc7 29. Rb1 b5 30. h3 Rxe4 31. Rb6 Ra4
32. Rb3 f5 33. Bc6 Kf6 34. Kh2 Ra7 35. Kg3 Ke5 36. Rd3 Rd4 37. Rxd4 Kxd4
38. f4 Kc5 39. Rb7 Rxb7 40. Bxb7 gxf4+ 41. Kxf4 a5 42. Bf3 f6 43. Bd1 b4
44. axb4+ axb4 45. h4 Kd6 46. Bb3 Ke7 47. h5 Kf7 48. Bc4 1-0